| 000 | 00828nac a22002651u 4500 | ||
|---|---|---|---|
| 010 | _a 96128521 | ||
| 020 | _a1860670210 : | ||
| 020 | _a1561591718 : | ||
| 082 | 0 | 0 |
_a341.026 _bRen |
| 090 |
_c9984 _d9984 |
||
| 100 | _aRengger, N. J. | ||
| 245 | 0 | 0 |
_aTreaties and alliances of the world / _cN.J. Rengger with John Campbell. |
| 250 | _a6th ed. | ||
| 260 |
_aLondon, U.K. : _bCartermill,1995 _cc1995. |
||
| 300 |
_avi, 538 p. : _bmaps ; _c26 cm. |
||
| 500 | _aDonations - AUC. | ||
| 500 | _aDonations. | ||
| 504 | _aIncludes bibliographical references (p. 509-514) and index. | ||
| 511 | _aCatalogued by: Sara. | ||
| 650 | 0 | _aTreaties. | |
| 650 | 0 | _aAlliances. | |
| 650 | 0 |
_aTreaties _xCollections. |
|
| 700 | 1 |
_aCampbell, John _q(John R. E.) |
|
| 942 |
_cNB _k341.026REN |
||
| 999 |
_c9984 _d9984 |
||